| 000 | 00701cam a2200229 4500 | ||
|---|---|---|---|
| 008 | 090401t1998 xxu||||| |||| 00| 0 eng d | ||
| 020 | _a1840281359 | ||
| 035 | _a(Sirsi) u89357 | ||
| 041 | _aeng | ||
| 050 | _a658.3112 | ||
| 100 | _aWalker, David | ||
| 245 | _aSelection interviewing : the essential guide to thinking and working smarter. | ||
| 260 |
_aLondon _bMarshall Publishing _c1998 |
||
| 300 | _a96p. ; 23cm. | ||
| 350 | _a9.99 | ||
| 520 | _aProduced in association with Video Arts. A self-development programme. | ||
| 650 | _aINTERVIEW TECHNIQUES | ||
| 650 | _aRECRUITMENT | ||
| 690 | _aMANAGEMENT-BUSINESS MANAGEMENT-PROFESSIONAL PRACTICE | ||
| 942 | _n0 | ||
| 948 | _c28/10/1998 | ||
| 999 |
_c97445 _d97445 |
||